[Event "LYM - Open Général"]
[Site "Lausanne - Casino de Montbenon"]
[Date "2004.09.18"]
[Round "1"]
[White "Akopian, Vladimir"]
[Black "Chauvin, Denis"]
[Result "1-0"]
[WhiteElo "2692"]
[BlackElo "1926"]
[PlyCount "34"]
[EventDate "2004.09.18"]

1. e4 c5 2. Nf3 Nc6 3. Bb5 e6 4. O-O Nge7 5. b3 Nd4 6. Nxd4 cxd4 7. c3 a6 8.
Bd3 Nc6 9. cxd4 Nxd4 10. Bb2 Qf6 11. Kh1 Bc5 12. f4 b5 13. Nc3 Bb7 14. Ne2 d6
15. Rc1 Bb6 16. a4 Rc8 17. Rxc8+ Bxc8 1-0

[Event "LYM - Open Général"]
[Site "Lausanne - Casino de Montbenon"]
[Date "2004.09.18"]
[Round "1"]
[White "Hasler, Urs"]
[Black "Pelletier, Yannick"]
[Result "0-1"]
[WhiteElo "1919"]
[BlackElo "2597"]
[PlyCount "60"]
[EventDate "2004.09.18"]

1. e4 c5 2. Ne2 Nc6 3. Nbc3 e6 4. d4 cxd4 5. Nxd4 Qc7 6. Ndb5 Qb8 7. Be3 a6 8.
Nd4 Nf6 9. a3 Be7 10. Be2 b5 11. Nxc6 dxc6 12. O-O c5 13. f3 Bb7 14. Qe1 Bd6
15. Qh4 Qc7 16. Rad1 O-O-O 17. Rd2 h6 18. Rfd1 Be5 19. Rxd8+ Rxd8 20. Rxd8+
Kxd8 21. Nd1 Ke8 22. c3 Nd7 23. Nf2 b4 24. axb4 cxb4 25. cxb4 Qc2 26. Bd1 Qxb2
27. Ng4 Bc3 28. Qf2 Qxb4 29. Qc2 Bd4 30. Qd3 Qe1+ 0-1

[Event "LYM - Open Général"]
[Site "Lausanne - Casino de Montbenon"]
[Date "2004.09.18"]
[Round "1"]
[White "Burmakin, Vladimir"]
[Black "Chervet, Olivier"]
[Result "1-0"]
[WhiteElo "2551"]
[BlackElo "1916"]
[PlyCount "85"]
[EventDate "2004.09.18"]

1. d4 d5 2. Nf3 Nc6 3. Bf4 Bg4 4. Nbd2 e6 5. c3 Bd6 6. Bg3 Nge7 7. e3 Nf5 8.
Be2 h5 9. e4 dxe4 10. Nxe4 h4 11. Bxd6 Nxd6 12. Nc5 h3 13. g3 Qf6 14. Nd2 Bxe2
15. Qxe2 O-O-O 16. f4 g5 17. Nce4 Nxe4 18. Nxe4 Qg6 19. fxg5 Nxd4 20. cxd4 Rxd4
21. Nc3 Rhd8 22. Rd1 Rxd1+ 23. Nxd1 Qxg5 24. Rf1 Qg6 25. Rf4 Kb8 26. Re4 a6 27.
Nc3 Qg5 28. Qe3 Qa5 29. Rd4 Rxd4 30. Qxd4 e5 31. Qf2 Qb4 32. Kd1 f5 33. Kc2 f4
34. Kc1 fxg3 35. Qxg3 Qd4 36. a3 e4 37. Qxh3 Qf2 38. Kb1 e3 39. Qh5 Qf1+ 40.
Kc2 Qf4 41. Kd3 Qf2 42. Qe8+ Ka7 43. Qxe3+ 1-0

[Event "LYM - Open Général"]
[Site "Lausanne - Casino de Montbenon"]
[Date "2004.09.17"]
[Round "1"]
[White "Emini, Emin"]
[Black "Gallagher, Joseph"]
[Result "0-1"]
[WhiteElo "1916"]
[BlackElo "2541"]
[PlyCount "84"]
[EventDate "2004.09.18"]

1. e4 c5 2. Nf3 d6 3. c3 Nf6 4. Bc4 e6 5. d3 Be7 6. O-O O-O 7. Bb3 Nc6 8. h3 b5
9. Bc2 Bb7 10. a3 Qc7 11. Bf4 Rac8 12. d4 cxd4 13. cxd4 Na5 14. Nc3 Nc4 15. Bc1
Qa5 16. Re1 Rfd8 17. Nd2 d5 18. Nxc4 dxc4 19. Be3 Qb6 20. Qe2 a5 21. e5 Nd5 22.
Bd2 b4 23. Nxd5 Bxd5 24. axb4 axb4 25. Be3 Ra8 26. h4 Rxa1 27. Rxa1 b3 28. Bb1
Qb7 29. f4 Ra8 30. Rxa8+ Qxa8 31. Kh2 Qa1 32. f5 Qxb1 33. f6 gxf6 34. Qf2 fxe5
35. h5 Qe4 36. Qg3+ Kf8 37. dxe5 Qxg2+ 38. Qxg2 Bxg2 39. Kxg2 c3 40. Bd4 c2 41.
Be3 Kg7 42. Kf3 h6 0-1

[Event "LYM - Open Général"]
[Site "Lausanne - Casino de Montbenon"]
[Date "2004.09.17"]
[Round "1"]
[White "Petrosian, Tigran L."]
[Black "Deluermoz, François"]
[Result "1-0"]
[WhiteElo "2537"]
[BlackElo "1897"]
[PlyCount "65"]
[EventDate "2004.09.18"]

1. e4 c5 2. Nc3 Nc6 3. Bb5 a6 4. Bxc6 bxc6 5. d3 Nf6 6. f4 e6 7. Nf3 Be7 8. O-O
a5 9. b3 Ba6 10. Qe1 Qc7 11. e5 Nd5 12. Na4 Bb7 13. Bd2 O-O 14. c4 Nb4 15. Qe2
Na6 16. a3 f6 17. Rae1 f5 18. Qf2 Bc8 19. g3 Rb8 20. Rb1 d6 21. exd6 Bxd6 22.
Qe1 Be7 23. Bxa5 Qd6 24. Ne5 Nc7 25. Bc3 Ne8 26. Qe3 Nf6 27. Rfe1 Rd8 28. h3
Re8 29. Kh2 Bd8 30. Qxc5 Qxc5 31. Nxc5 Ra8 32. a4 Bb6 33. Bb4 1-0

[Event "LYM - Open Général"]
[Site "Lausanne - Casino de Montbenon"]
[Date "2004.09.17"]
[Round "1"]
[White "Sandoval, Francisco"]
[Black "Lazarev, Vladimir"]
[Result "0-1"]
[WhiteElo "1883"]
[BlackElo "2515"]
[PlyCount "90"]
[EventDate "2004.09.18"]

1. Nf3 c5 2. c4 g6 3. Nc3 Bg7 4. g3 Nc6 5. Bg2 e5 6. d3 Nge7 7. Bg5 f6 8. Bd2
d6 9. O-O O-O 10. Qc1 Re8 11. Bh6 Bh8 12. Rb1 Be6 13. e4 Qd7 14. Re1 Rac8 15.
Qd2 Nd8 16. Be3 Nf7 17. Qd1 b6 18. Qa4 Nc6 19. a3 Bg7 20. Rbc1 Bh6 21. Nd5 Kg7
22. b4 Rf8 23. bxc5 dxc5 24. Nh4 Bg5 25. Nf3 Bh6 26. Nh4 Nd6 27. Qd1 g5 28. Nf3
Nf7 29. Qd2 Bg4 30. Rb1 Qe6 31. Qe2 Kh8 32. Qf1 f5 33. exf5 Bxf5 34. Nd2 Nd6
35. Ne4 Bxe4 36. dxe4 g4 37. Bxh6 Qxh6 38. Qe2 Qg6 39. Qd3 Rf7 40. h3 gxh3 41.
Bxh3 Rcf8 42. Bg2 Rxf2 43. Rf1 Rxf1+ 44. Rxf1 Rxf1+ 45. Kxf1 Nd4 0-1

[Event "LYM - Open Général"]
[Site "Lausanne - Casino de Montbenon"]
[Date "2004.09.17"]
[Round "1"]
[White "Ginsburg, Gennadij"]
[Black "Tremp, Vinzenz"]
[Result "1-0"]
[WhiteElo "2511"]
[BlackElo "1877"]
[PlyCount "52"]
[EventDate "2004.09.18"]

1. e4 c5 2. Nf3 e6 3. d4 cxd4 4. Nxd4 a6 5. Bd3 d6 6. O-O Nf6 7. c4 Be7 8. Nc3
Qc7 9. Be3 Nbd7 10. Rc1 b6 11. b4 Bb7 12. f4 Rc8 13. f5 e5 14. Nb3 Qb8 15. Qe2
Qa8 16. Nd5 Nxd5 17. cxd5 O-O 18. Nd2 Rxc1 19. Rxc1 Rc8 20. Ra1 Bf6 21. Rf1 a5
22. Bb5 Rc7 23. Nc4 axb4 24. Bxd7 Rxd7 25. Nxb6 Ba6 26. Qd2 Qb7 1-0

[Event "LYM - Open Général"]
[Site "Lausanne - Casino de Montbenon"]
[Date "2004.09.17"]
[Round "1"]
[White "Doudin, Alain Christophe"]
[Black "Inkiov, Ventzzislav"]
[Result "0-1"]
[WhiteElo "1854"]
[BlackElo "2502"]
[PlyCount "67"]
[EventDate "2004.09.18"]

1. f4 Nf6 2. g3 g6 3. Bg2 Bg7 4. Nf3 O-O 5. O-O d6 6. d3 c5 7. Nc3 Nc6 8. Nh4
Rb8 9. a4 Bd7 10. f5 a6 11. e4 b5 12. axb5 axb5 13. Bd2 b4 14. Ne2 Ng4 15. c3
Nge5 16. Be3 bxc3 17. bxc3 Rb2 18. Bc1 Rb8 19. d4 cxd4 20. cxd4 Qb6 21. Kh1 Ng4
22. fxg6 hxg6 23. Nf3 Qb3 24. Qxb3 Rxb3 25. Ra3 Rxa3 26. Bxa3 Ne3 27. Rc1 Nxg2
28. Kxg2 Ra8 29. Bb2 Ra2 30. Rc2 Nb4 31. Rd2 Bh6 32. Nc1 Ra8 33. Rd1 Rc8 34.
Nd3 0-1

[Event "LYM - Open Général"]
[Site "Lausanne - Casino de Montbenon"]
[Date "2004.09.17"]
[Round "1"]
[White "Pavlovic, Milos"]
[Black "Perrot, Franck"]
[Result "1-0"]
[WhiteElo "2498"]
[BlackElo "1842"]
[PlyCount "77"]
[EventDate "2004.09.18"]

1. Nf3 Nf6 2. g3 e6 3. Bg2 Be7 4. O-O O-O 5. c4 d5 6. d4 dxc4 7. Qc2 c5 8. dxc5
Bxc5 9. Qxc4 Qe7 10. Nc3 h6 11. Bf4 Nc6 12. Ne5 Nxe5 13. Bxe5 Bd6 14. Bxd6 Qxd6
15. Rfd1 Qe7 16. b4 Rb8 17. Nb5 a6 18. Nd6 Rd8 19. Qc5 b6 20. Nxc8 Rxd1+ 21.
Rxd1 Qxc5 22. bxc5 Rxc8 23. cxb6 Rb8 24. Rd6 Nd5 25. Bxd5 exd5 26. a4 a5 27.
Rxd5 Rxb6 28. Rxa5 Rb2 29. e3 Ra2 30. h4 g6 31. g4 Kg7 32. Kg2 Kg8 33. Kg3 Ra3
34. Kf4 Kg7 35. f3 Ra1 36. e4 Rh1 37. h5 g5+ 38. Ke3 Rf1 39. Rf5 1-0

[Event "LYM - Open Général"]
[Site "Lausanne - Casino de Montbenon"]
[Date "2004.09.17"]
[Round "1"]
[White "Armao, Olivier"]
[Black "Cornette, Mathieu"]
[Result "0-1"]
[WhiteElo "1820"]
[BlackElo "2393"]
[PlyCount "51"]
[EventDate "2004.09.18"]

1. c4 g6 2. Nc3 Bg7 3. Nf3 e5 4. d3 d6 5. g3 f5 6. Bg2 Nf6 7. O-O Nc6 8. Bg5 h6
9. Bxf6 Qxf6 10. Rb1 a5 11. a3 Be6 12. Nd5 Qf7 13. Nd2 a4 14. e3 O-O 15. Nc3 f4
16. Nxa4 g5 17. Bf3 g4 18. Bxc6 bxc6 19. exf4 exf4 20. b3 Bd4 21. Ne4 Qh5 22.
gxf4 Rxf4 23. Nac3 Qh3 24. Ng3 Bxc3 25. Qc1 Be5 26. d4 0-1

[Event "LYM - Open Général"]
[Site "Lausanne - Casino de Montbenon"]
[Date "2004.09.18"]
[Round "2"]
[White "Bagri, Jaspaul"]
[Black "Akopian, Vladimir"]
[Result "1/2-1/2"]
[WhiteElo "2143"]
[BlackElo "2692"]
[PlyCount "71"]
[EventDate "2004.09.18"]

1. c4 Nf6 2. Nc3 g6 3. Nf3 d6 4. g3 Bg7 5. Bg2 O-O 6. O-O e5 7. d3 Nc6 8. Rb1
a5 9. a3 Re8 10. Nd2 Nd4 11. b4 axb4 12. axb4 h5 13. e3 Nf5 14. Bb2 h4 15. Ra1
Rxa1 16. Qxa1 hxg3 17. hxg3 Bh6 18. Re1 Ng4 19. Nf1 c6 20. b5 Ne7 21. Ba3 Bg7
22. bxc6 bxc6 23. Ne4 Nf5 24. Qd1 Ngh6 25. Qa4 d5 26. Nc5 Ne7 27. Rb1 Nhf5 28.
Rb8 Nd6 29. cxd5 cxd5 30. Qa8 Qc7 31. Na6 Qd7 32. Bxd5 Nxd5 33. Qxd5 Bxa6 34.
Rxe8+ Qxe8 35. Qxd6 Qb5 36. Qd8+ 1/2-1/2

[Event "LYM - Open Général"]
[Site "Lausanne - Casino de Montbenon"]
[Date "2004.09.18"]
[Round "2"]
[White "Pelletier, Yannick"]
[Black "Gaule, Patrick"]
[Result "1-0"]
[WhiteElo "2597"]
[BlackElo "2143"]
[PlyCount "141"]
[EventDate "2004.09.18"]

1. e4 c5 2. Nf3 d6 3. d4 cxd4 4. Nxd4 Nf6 5. Nc3 a6 6. f3 e5 7. Nb3 Be6 8. Be3
Be7 9. Qd2 O-O 10. O-O-O Qc7 11. g4 Nbd7 12. Kb1 Rfb8 13. g5 Nh5 14. Nd5 Bxd5
15. exd5 a5 16. Nc1 Nb6 17. Rg1 g6 18. Qd3 a4 19. a3 Ra5 20. Qe4 Rc8 21. Na2 f5
22. gxf6 Nxf6 23. Rxg6+ Kh8 24. Bxb6 Nxe4 25. Bxc7 Rxc7 26. Rg1 Nf6 27. Nb4 Ra8
28. c3 Rf8 29. Bb5 Nd7 30. Rdf1 Nb6 31. Bd3 Bd8 32. Rg3 Rcf7 33. Rh3 Bg5 34.
Rg1 Bf4 35. Rg6 Nd7 36. Rxd6 e4 37. Rxd7 Rxd7 38. Bxe4 Rg8 39. Nd3 Rg1+ 40. Ka2
Bd6 41. Nf2 Rg2 42. Ng4 Rc7 43. Rh6 Bf4 44. Rb6 Rxc3 45. Rxb7 Rc7 46. Rb4 Bd6
47. Rb8+ Kg7 48. Ne3 Rg1 49. Nf5+ Kf6 50. Ra8 Be5 51. Rxa4 Rb7 52. Ra6+ Kg5 53.
h4+ Kf4 54. b4 Ra1+ 55. Kb3 Rc7 56. b5 Rc3+ 57. Kb4 Ra2 58. d6 Rb2+ 59. Ka5
Rxa3+ 60. Kb6 Rab3 61. d7 Rxb5+ 62. Kc6 Rb8 63. Nd6 Bf6 64. h5 Bd8 65. Nf7 Be7
66. Kc7 Rf8 67. d8=Q Bxd8+ 68. Nxd8 Re8 69. Rh6 Re7+ 70. Kd6 Rg7 71. Ne6+ 1-0

[Event "LYM - Open Général"]
[Site "Lausanne - Casino de Montbenon"]
[Date "2004.09.18"]
[Round "2"]
[White "Desboeufs, Michael"]
[Black "Burmakin, Vladimir"]
[Result "1/2-1/2"]
[WhiteElo "2110"]
[BlackElo "2551"]
[PlyCount "99"]
[EventDate "2004.09.18"]

1. e4 c6 2. d4 d6 3. f4 g6 4. Nf3 Bg7 5. Bd3 Bg4 6. c3 Nd7 7. O-O c5 8. d5 Qc7
9. Nbd2 Ngf6 10. Qe2 O-O 11. h3 Bxf3 12. Nxf3 Rac8 13. c4 b5 14. Rb1 bxc4 15.
Bxc4 Nb6 16. b3 Rce8 17. Bd2 e6 18. dxe6 Nxc4 19. Qxc4 Rxe6 20. Rbe1 Nd7 21. f5
Ree8 22. fxg6 hxg6 23. Bf4 Qc6 24. Qd3 Re6 25. Ng5 Bd4+ 26. Kh1 Ree8 27. Qg3
Kg7 28. Nf3 Re6 29. Nxd4 cxd4 30. Qd3 Qc3 31. Rd1 Qxd3 32. Rxd3 Rxe4 33. Bxd6
Rc8 34. Rfd1 Rc2 35. Rxd4 Rxd4 36. Rxd4 Rxa2 37. Ra4 Rxa4 38. bxa4 Kf6 39. Kg1
Kf5 40. Kf2 Ke4 41. g4 f5 42. Kg3 Nf6 43. a5 a6 44. Bb8 Nh7 45. Bc7 Ng5 46. Bb8
Ne6 47. gxf5 gxf5 48. Ba7 Nf4 49. Bb8 Nd5 50. Ba7 1/2-1/2

[Event "LYM - Open Général"]
[Site "Lausanne - Casino de Montbenon"]
[Date "2004.09.18"]
[Round "2"]
[White "Gallagher, Joseph"]
[Black "Paleologu, Vladimir"]
[Result "1-0"]
[WhiteElo "2541"]
[BlackElo "2134"]
[PlyCount "77"]
[EventDate "2004.09.18"]

1. e4 d6 2. d4 Nf6 3. Nc3 c6 4. f4 Qa5 5. Bd3 d5 6. e5 Ne4 7. Bxe4 dxe4 8. Qe2
Na6 9. Be3 h5 10. Qd2 Bf5 11. Nge2 e6 12. a3 Nb4 13. O-O Nd5 14. b4 Qa6 15. Ng3
Nxc3 16. Qxc3 h4 17. Nxf5 exf5 18. Qb3 h3 19. g3 Rh6 20. c4 b5 21. Rac1 Rb8 22.
Rfd1 bxc4 23. Rxc4 Qb5 24. Qc2 Qd5 25. Rc1 Kd7 26. Qa4 Rb7 27. Kf2 Qb5 28. Qd1
Qd5 29. g4 a5 30. gxf5 axb4 31. axb4 Rxb4 32. Rxb4 Bxb4 33. Qa4 Qa5 34. Qb3 Ke8
35. e6 fxe6 36. Rxc6 exf5 37. Qg8+ Kd7 38. Qc8+ Ke7 39. Qb7+ 1-0

[Event "LYM - Open Général"]
[Site "Lausanne - Casino de Montbenon"]
[Date "2004.09.18"]
[Round "2"]
[White "Montavon, Gerard"]
[Black "Petrosian, Tigran L."]
[Result "0-1"]
[WhiteElo "2110"]
[BlackElo "2537"]
[PlyCount "84"]
[EventDate "2004.09.18"]

1. Nf3 Nf6 2. d3 d5 3. g3 Bg4 4. Bg2 Nbd7 5. Nbd2 c6 6. O-O e5 7. h3 Bh5 8. Nh4
Bc5 9. Nb3 Bb6 10. Nf5 O-O 11. Bg5 h6 12. Bh4 Bg6 13. e4 Bxf5 14. exf5 a5 15.
Nd2 a4 16. a3 Re8 17. g4 Nf8 18. c3 g6 19. fxg6 fxg6 20. Re1 g5 21. Bg3 Ng6 22.
Nf1 Kh7 23. d4 exd4 24. Rxe8 Nxe8 25. cxd4 Qf6 26. Ne3 Ng7 27. Be5 Nxe5 28.
dxe5 Qxe5 29. Qd3+ Kg8 30. Re1 Rf8 31. Re2 Qd4 32. Qc2 Qf4 33. Bxd5+ cxd5 34.
Nxd5 Qg3+ 35. Kf1 Qxh3+ 36. Kg1 Qxg4+ 37. Kf1 Qh3+ 38. Kg1 Qg4+ 39. Kf1 Qh3+
40. Kg1 Bxf2+ 41. Rxf2 Qg3+ 42. Rg2 Qe1+ 0-1

[Event "LYM - Open Général"]
[Site "Lausanne - Casino de Montbenon"]
[Date "2004.09.18"]
[Round "2"]
[White "Lazarev, Vladimir"]
[Black "Staub, Ludovic"]
[Result "1-0"]
[WhiteElo "2515"]
[BlackElo "2097"]
[PlyCount "59"]
[EventDate "2004.09.18"]

1. d4 d5 2. c4 c6 3. Nf3 Nf6 4. e3 a6 5. Nbd2 Bg4 6. h3 Bh5 7. Qb3 Qc7 8. g4
Bg6 9. Ne5 Nbd7 10. Nxg6 hxg6 11. g5 Nh7 12. cxd5 Nxg5 13. Bg2 Rb8 14. dxc6
bxc6 15. Qa4 e5 16. dxe5 Qxe5 17. Bxc6 Qc7 18. h4 Rb4 19. Qxa6 Rbxh4 20. Qa8+
Ke7 21. Rxh4 Rxh4 22. b3 Ne6 23. Ba3+ Kf6 24. Bb2+ Ke7 25. Ke2 Qd8 26. Qa7 f6
27. Nf3 Rh5 28. Rd1 Nec5 29. b4 Qb8 30. Rxd7+ 1-0

[Event "LYM - Open Général"]
[Site "Lausanne - Casino de Montbenon"]
[Date "2004.09.18"]
[Round "2"]
[White "Del Val, Moise"]
[Black "Ginsburg, Gennadij"]
[Result "0-1"]
[WhiteElo "2091"]
[BlackElo "2511"]
[PlyCount "56"]
[EventDate "2004.09.18"]

1. e4 c5 2. Nf3 d6 3. d4 cxd4 4. Nxd4 Nf6 5. Nc3 a6 6. Bc4 e6 7. Bb3 Nbd7 8.
O-O Nc5 9. Re1 Be7 10. Qf3 O-O 11. Qg3 Kh8 12. f4 Qc7 13. Kh1 b5 14. a3 Bb7 15.
e5 Nfe4 16. Nxe4 Nxe4 17. Qe3 dxe5 18. fxe5 Qxe5 19. c3 Bd6 20. Nf3 Qh5 21. Bd1
f5 22. Ne5 Qh4 23. Nf3 Nf2+ 24. Kg1 Bxf3 25. Bxf3 Ng4 26. Qd2 Bc5+ 27. Kf1
Nxh2+ 28. Ke2 Qf2+ 0-1

[Event "LYM - Open Général"]
[Site "Lausanne - Casino de Montbenon"]
[Date "2004.09.18"]
[Round "2"]
[White "Inkiov, Ventzislav"]
[Black "Fargere, Jack"]
[Result "1-0"]
[WhiteElo "2502"]
[BlackElo "2223"]
[PlyCount "45"]
[EventDate "2004.09.18"]

1. d4 Nf6 2. c4 g6 3. Nc3 Bg7 4. e4 d6 5. f4 O-O 6. Nf3 c5 7. d5 b5 8. cxb5 a6
9. Bd2 axb5 10. Bxb5 Ba6 11. a4 Nbd7 12. O-O Nb6 13. Qe2 Qc8 14. Kh1 Qb7 15.
Ra3 Nfd7 16. a5 Nc8 17. Rb3 Na7 18. Bxa6 Qxb3 19. e5 Nc8 20. Bb5 Nb8 21. Bc4
Qxb2 22. Rb1 Qa3 23. Nb5 1-0

[Event "LYM - Open Général"]
[Site "Lausanne - Casino de Montbenon"]
[Date "2004.09.18"]
[Round "2"]
[White "Cochet, Jean Daniel"]
[Black "Pavlovic, Milos"]
[Result "0-1"]
[WhiteElo "2006"]
[BlackElo "2498"]
[PlyCount "118"]
[EventDate "2004.09.18"]

1. Nf3 Nf6 2. g3 b6 3. Bg2 Bb7 4. O-O c5 5. c4 g6 6. d4 cxd4 7. Qxd4 Bg7 8. Nc3
d6 9. Rb1 Nbd7 10. b3 O-O 11. Qh4 h5 12. Qf4 a6 13. Bb2 b5 14. Rfd1 bxc4 15.
bxc4 Rb8 16. Ba1 Qc7 17. Rbc1 Qa5 18. Nd2 Bxg2 19. Kxg2 Rfc8 20. Nb3 Qb4 21.
Nd5 Nxd5 22. cxd5 Qxf4 23. gxf4 Rxc1 24. Rxc1 Bxa1 25. Rxa1 Nf6 26. e4 Nxe4 27.
Re1 Rb4 28. f3 Nc3 29. Rxe7 Nxa2 30. Na5 Nc3 31. Nb7 Rb2+ 32. Kg1 Nxd5 33. Re8+
Kg7 34. Nxd6 Nxf4 35. Re7 g5 36. Rxf7+ Kg6 37. Ra7 Ra2 38. Ne4 h4 39. Nc5 a5
40. Ra6+ Kf5 41. Nb3 Nh3+ 42. Kh1 a4 43. Nc5 a3 44. Nd3 Rd2 45. Ra5+ Kf6 46.
Nc5 Ra2 47. Ne4+ Kg6 48. Nc3 Ra1+ 49. Kg2 Nf4+ 50. Kf2 Rh1 51. Rxa3 Rxh2+ 52.
Kg1 Rg2+ 53. Kh1 h3 54. Ra2 Rg3 55. Rf2 Nd3 56. Rf1 Rg2 57. Ne4 Kf5 58. Rd1
Nf2+ 59. Nxf2 Rxf2 0-1

[Event "LYM - Open Général"]
[Site "Lausanne - Casino de Montbenon"]
[Date "2004.09.18"]
[Round "2"]
[White "Wells, Peter"]
[Black "Colmenares, Aurelio"]
[Result "1-0"]
[WhiteElo "2494"]
[BlackElo "2075"]
[PlyCount "61"]
[EventDate "2004.09.18"]

1. Nf3 Nf6 2. c4 g6 3. Nc3 Bg7 4. d4 O-O 5. e4 d6 6. Be2 e5 7. Be3 Nc6 8. d5
Ne7 9. Nd2 Nd7 10. b4 f5 11. f3 Nf6 12. c5 h5 13. Nc4 fxe4 14. fxe4 Ng4 15.
Bxg4 Bxg4 16. Qd2 Bf6 17. O-O Nc8 18. Rf2 Bd7 19. Raf1 Rf7 20. c6 bxc6 21. dxc6
Be6 22. Nd5 Bg7 23. Rxf7 Bxf7 24. Bg5 Qe8 25. b5 Bxd5 26. Qxd5+ Kh8 27. Rf7 Nb6
28. Nxb6 axb6 29. Rxc7 Ra4 30. Rd7 Rd4 31. Rd8 1-0

[Event "LYM - Open Général"]
[Site "Lausanne - Casino de Montbenon"]
[Date "2004.09.18"]
[Round "3"]
[White "Habibi, Ali"]
[Black "Pelletier, Yannick"]
[Result "0-1"]
[WhiteElo "2269"]
[BlackElo "2597"]
[PlyCount "102"]
[EventDate "2004.09.18"]

1. c4 Nf6 2. g3 e6 3. Nf3 d5 4. b3 a5 5. Nc3 c6 6. e3 Nbd7 7. Qc2 b6 8. Bb2 Be7
9. Bg2 Ba6 10. d3 O-O 11. O-O Rc8 12. a4 Re8 13. Rfd1 e5 14. Rac1 Bf8 15. Qb1
Qe7 16. Nh4 d4 17. exd4 exd4 18. Nf5 Qc5 19. Nxd4 Qxd4 20. Ne4 Rxe4 21. dxe4
Qc5 22. Bh3 Rc7 23. Kg2 Qh5 24. Bxf6 Nxf6 25. Rd8 Ng4 26. Qd3 Qxh3+ 27. Kxh3
Nxf2+ 28. Kg2 Nxd3 29. Rxd3 g6 30. Rd8 Kg7 31. Rcd1 Bc8 32. e5 Bb4 33. R1d3 Bf5
34. Re3 Rd7 35. Rxd7 Bxd7 36. h3 h5 37. Rd3 Bf5 38. Rd8 Bc2 39. Rc8 Bxb3 40.
Rxc6 Bc5 41. Kf3 Bxc4 42. Ke4 Bf1 43. Rc7 Bxh3 44. Ra7 Be6 45. Kf4 Bb3 46. Ke4
Kf8 47. Kf4 Bxa4 48. e6 Bd6+ 49. Kg5 Be7+ 50. Kh6 Be8 51. exf7 Kxf7 0-1

[Event "LYM - Open Général"]
[Site "Lausanne - Casino de Montbenon"]
[Date "2004.09.18"]
[Round "3"]
[White "Ermeni, Avni"]
[Black "Gallagher, Joseph"]
[Result "0-1"]
[WhiteElo "2265"]
[BlackElo "2541"]
[PlyCount "76"]
[EventDate "2004.09.18"]

1. e4 c5 2. Nf3 d6 3. Bb5+ Nd7 4. O-O Ngf6 5. Re1 a6 6. Bf1 b6 7. d4 cxd4 8.
Nxd4 Bb7 9. f3 e6 10. c4 Be7 11. Nc3 O-O 12. Be3 Rc8 13. Rc1 Qc7 14. g4 Qb8 15.
g5 Ne8 16. f4 Nc5 17. Bg2 Qa8 18. Bf2 g6 19. b4 Nd7 20. Qg4 Ng7 21. Bf1 Rc7 22.
Nd5 exd5 23. exd5 Qd8 24. a4 Re8 25. Bg2 Qc8 26. Nc6 Nf5 27. Be4 Bxc6 28. dxc6
Rxc6 29. Bxf5 gxf5 30. Qxf5 Ne5 31. Qxc8 Nf3+ 32. Kh1 Rcxc8 33. Re2 Bf8 34.
Rxe8 Rxe8 35. Bxb6 Re2 36. Bg1 Bg7 37. Rd1 Bd4 38. Rd3 Nxg1 0-1

[Event "LYM - Open Général"]
[Site "Lausanne - Casino de Montbenon"]
[Date "2004.09.18"]
[Round "3"]
[White "Vuilleumier, Alexandre"]
[Black "Lazarev, Vladimir"]
[Result "0-1"]
[WhiteElo "2259"]
[BlackElo "2515"]
[PlyCount "86"]
[EventDate "2004.09.18"]

1. e4 c5 2. Nf3 Nc6 3. d4 cxd4 4. Nxd4 Qc7 5. Be3 Nf6 6. Nc3 e6 7. f3 a6 8. Qd2
b5 9. O-O-O Ne5 10. Qe1 b4 11. Nce2 Be7 12. Kb1 Bb7 13. Qg3 O-O 14. Bh6 Ne8 15.
Bf4 d6 16. Qe1 a5 17. c3 Qb6 18. Nc1 bxc3 19. Qxc3 Nf6 20. Be3 Qd8 21. Nd3 a4
22. Nxe6 fxe6 23. Nxe5 Rc8 24. Nc4 d5 25. Qa5 Qe8 26. Nb6 Bd8 27. Qxa4 Bc6 28.
Qa6 Bxb6 29. Qxb6 dxe4 30. Bc5 Nd7 31. Rxd7 Qxd7 32. Bc4 Rfd8 33. Re1 Kh8 34.
a4 Rb8 35. Qa5 exf3 36. gxf3 Bxa4 37. Bb6 Rf8 38. Bxe6 Qd3+ 39. Ka1 Ra8 40. Ba7
Bc6 41. Ba2 Qd7 42. Rc1 Rxa7 43. Qc5 Rfa8 0-1

[Event "LYM - Open Général"]
[Site "Lausanne - Casino de Montbenon"]
[Date "2004.09.18"]
[Round "3"]
[White "Ginsburg, Gennadij"]
[Black "Fargere, François"]
[Result "1-0"]
[WhiteElo "2511"]
[BlackElo "2223"]
[PlyCount "83"]
[EventDate "2004.09.18"]

1. e4 c5 2. Nf3 Nc6 3. d4 cxd4 4. Nxd4 g6 5. c4 Bg7 6. Be3 Nf6 7. Nc3 d6 8. Be2
O-O 9. Qd2 Bd7 10. Rc1 Nxd4 11. Bxd4 Bc6 12. f3 Nd7 13. Be3 a5 14. O-O a4 15.
Nd5 Nc5 16. Rc2 a3 17. b4 Na4 18. Bg5 Bxd5 19. exd5 Bf6 20. Bxf6 exf6 21. c5
dxc5 22. bxc5 Ra5 23. Qb4 b6 24. c6 Qxd5 25. c7 Raa8 26. Ba6 Nc5 27. c8=Q Raxc8
28. Bxc8 Rxc8 29. Qxb6 Kg7 30. Qb5 Qd4+ 31. Kh1 h5 32. h3 Ne4 33. Rxc8 Ng3+ 34.
Kh2 Qf4 35. Qb8 Nxf1+ 36. Kg1 Qd2 37. Rg8+ Kh6 38. Rh8+ Kg5 39. Qb5+ f5 40. h4+
Kxh4 41. Qxf1 Kg3 42. f4 1-0

[Event "LYM - Open Général"]
[Site "Lausanne - Casino de Montbenon"]
[Date "2004.09.18"]
[Round "3"]
[White "Schneider, Veronik"]
[Black "Inkiov, Ventzislav"]
[Result "0-1"]
[WhiteElo "2212"]
[BlackElo "2502"]
[PlyCount "86"]
[EventDate "2004.09.18"]

1. e4 e5 2. Nf3 Nc6 3. Nc3 Nf6 4. d4 exd4 5. Nxd4 Bb4 6. Nxc6 bxc6 7. Bd3 d5 8.
exd5 cxd5 9. O-O O-O 10. Bg5 c6 11. Na4 h6 12. Bh4 Re8 13. c3 Bd6 14. b4 a5 15.
a3 Be5 16. Ra2 Qc7 17. Bg3 Bg4 18. Qb1 axb4 19. axb4 Nh5 20. Bh7+ Kh8 21. Bf5
Bxf5 22. Qxf5 Nxg3 23. hxg3 Qa7 24. Rfa1 Bxg3 25. Qd3 Bd6 26. g3 Qa6 27. Qxa6
Rxa6 28. Nc5 Rxa2 29. Rxa2 Bxc5 30. bxc5 Re1+ 31. Kg2 h5 32. Ra6 Re6 33. Ra7
Rf6 34. Rc7 g5 35. Kf1 Kg7 36. Ke2 h4 37. Ra7 h3 38. g4 h2 39. Ra1 Rh6 40. Rh1
Kf6 41. f3 Ke5 42. Kf2 Kf4 43. c4 dxc4 0-1

[Event "LYM - Open Général"]
[Site "Lausanne - Casino de Montbenon"]
[Date "2004.09.18"]
[Round "3"]
[White "Pavlovic, Milos"]
[Black "Perruchoud, Pierre"]
[Result "1-0"]
[WhiteElo "2498"]
[BlackElo "2192"]
[PlyCount "61"]
[EventDate "2004.09.18"]

1. Nf3 Nf6 2. g3 d5 3. Bg2 Bf5 4. c4 c6 5. O-O e6 6. d3 Nbd7 7. Nc3 Be7 8. cxd5
exd5 9. e4 dxe4 10. dxe4 Bg4 11. h3 Bxf3 12. Qxf3 O-O 13. Bf4 Qa5 14. Rad1 Rad8
15. Qe2 Bb4 16. Qc2 Rfe8 17. Ne2 Nf8 18. a3 Be7 19. Be3 Ne6 20. Kh1 Rxd1 21.
Rxd1 Rd8 22. f4 Qc7 23. e5 Rxd1+ 24. Qxd1 Nd7 25. Nc3 g6 26. h4 Bc5 27. Bxc5
Ndxc5 28. b4 Nd7 29. Bh3 c5 30. Nd5 Qd8 31. Bxe6 1-0

[Event "LYM - Open Général"]
[Site "Lausanne - Casino de Montbenon"]
[Date "2004.09.18"]
[Round "3"]
[White "Giretti-Kanev, Jasen"]
[Black "Wells, Peter K."]
[Result "0-1"]
[WhiteElo "2182"]
[BlackElo "2494"]
[PlyCount "62"]
[EventDate "2004.09.18"]

1. e4 c5 2. Nf3 Nc6 3. d3 g6 4. g3 Bg7 5. Bg2 e5 6. Nc3 Nge7 7. O-O d6 8. Nh4
Be6 9. Nd5 O-O 10. c3 Qd7 11. Be3 f5 12. Bg5 Bxd5 13. exd5 Nd8 14. Qd2 Nf7 15.
Bxe7 Qxe7 16. Rae1 Bf6 17. Nf3 g5 18. d4 e4 19. h3 Qd7 20. Nh2 cxd4 21. cxd4
Nh6 22. g4 fxg4 23. hxg4 Rae8 24. Bxe4 Nxg4 25. Qd3 Nxh2 26. Kxh2 Qg7 27. Kg2
Bxd4 28. b3 Bb6 29. Bf5 Rxe1 30. Rxe1 Bxf2 31. Re6 Bc5 0-1